000 00733cam a22002413a 4500
001 11904
003 PGUSA
005 20140828083242.0
008 040401s2004||||xxu|||||s|||||000 1 eng d
040 _aPGUSA
_beng
042 _adc
050 4 _aPS
100 1 _aChambers, Robert W.
_q(Robert William),
_d1865-1933
245 1 0 _aAilsa Paige :
_bA Novel
_h[electronic resource] /
_cRobert W. Chambers
260 _bProject Gutenberg,
_c2004
506 _aPublic domain in the USA.
516 _aElectronic text
653 _aUnited States -- History -- Civil War, 1861-1865 -- Fiction
653 _aWar stories, American
830 0 _aProject Gutenberg
_v11904
856 4 0 _uhttp://www.gutenberg.org/ebooks/11904
942 _cEB
999 _c241159
_d241159